000 00384nam a2200145 4500
001 145303
003 ES-MaACL
007 t|
008 070214s1920 xxk r ||||1| eng d
245 0 0 _aSpanish ballads /
_cchosen by Guy Le Strange.
260 _aCambridge :
_bJ.B. Peace,
_c1920.
300 _a218 p. ;
_c20 cm.
700 1 _aLe Strange, Guy.
_970934
852 _aES-MaACL
_jB-3102
999 _c145303
_d145303